Failed Superteams- Manchester United 2013-2017 - Statistics

General Stats
  • This quiz has been taken 10 times
  • The average score is 15 of 21
Answer Stats
Hint Answer % Correct
Who replaced Giggs as manager in 2014? Louis van Gaal
100%
After a severely underwhelming season, which United legend replaced David Moyes as interim manager in April of that season? Ryan Giggs
100%
Who did United sign in summer 2014 for £59.7m which broke the British record transfer fee at that time? Angel Di Maria
90%
The second spent one season on loan and only managed 4 goals in 29 games before moving to which other English giant? Chelsea
90%
Which 2x Europa League winner did United sign on loan from Monaco? Radamel Falcao
90%
Which Swedish centre forward signed for United that sunmer for free? Zlatan Ibrahimovic
90%
However, despite those successes they did not do well in the league. What position did they finish in the Premier League? 6th
80%
Where did United finish in the 2013/14 Premier League despite winning it the year before? 7th
80%
Van Gaal was sacked after the FA Cup Final and was replaced by who? Jose Mourinho
80%
Who did United sign in summer 2013 from Chelsea for £37.1m? Juan Mata
80%
All of these signings flopped however with the first leaving after one season, only getting 4 goals and 10 assists in 32 games. Which club did he depart for in 2015? Paris Saint Germain
80%
2015/16 saw United beat who in the FA Cup Final? Crystal Palace
70%
In summer 2016, United broke the transfer record to sign which player from Juventus for £89.3m? Said player had previously left United to go to Juventus for free Paul Pogba
70%
United did find some success that season winning the Europa League, EFL Cup and Community Shield. Who did they beat in the UEL final? Ajax
60%
Who scored the winner in extra-time of the final? Jesse Lingard
60%
And what about the Community Shield? Leicester City
60%
Who did they beat in the EFL Cup final? Southampton
60%
Which World Cup and UCL winner did United sign in summer 2015 for £6.5m? Bastian Schweinsteiger
50%
Despite winning the FA Cup, United had a thoroughly unsatisfactory season, finishing 5th in the Premier League, being knocked out of the UCL at the group stage and being knocked out of the Europa League Round of 16 by who? Liverpool
50%
Which 3x UCL, World Cup and Euros winner did United sign in Summer 14’? Victor Valdes
50%
And the third only played 2 games in 2 years before moving to which 10x Belgian Pro League winners? Standard Liege
40%
No matching quizzes found
Score Distribution
Percent of People with Each Score
Percentile by Number Answered
Your Score History
You have not taken this quiz